000
00322 a2200157 4500
001
182839
020
_a
040
_c
Magnum
100
_a
Pellegrini, Domingos
240
1
0
_a
Os meninos crescem
_l
por
245
1
0
_a
Os meninos crescem
300
_a
245
362
0
_a
1987
697
_a
LITERATURA GERAL
942
_c
BK
999
_c
182839
_d
182839